| 000 | 00393nam a22001457a 4500 | ||
|---|---|---|---|
| 005 | 20250924162155.0 | ||
| 008 | 250924b |||||||| |||| 00| 0 eng d | ||
| 020 |
_a9781845934101 _qpbk |
||
| 041 | _aeng | ||
| 082 |
_a572.88 _bDOR |
||
| 100 | _aTim Doran | ||
| 245 |
_aRna Interference _b: methods for plants and animals _cDoran, Tim |
||
| 260 |
_aUk _bCab International _c2008 |
||
| 942 | _cREF | ||
| 999 |
_c589381 _d589381 |
||